• 首页
  • 本馆介绍
  • 公告通知
  • 最新文献
  • 馆藏检索
  • 电子资源
  • 读者导购
  • 参考咨询
  • 我的图书馆
  • 登录
  • 详细信息显示
  • 放入我的书架
  • 预约/预借图书
  • 作者相关作品
  • 分类相关作品
  • 丛书相关作品
  • 出版社相关作品

书目信息

  • 表格格式
  • 工作单格式
  • 卡片格式
题名:
鲁迅散文集
    
 
作者: 鲁迅 著
分册:  
出版信息: 沈阳   万卷出版公司  2013
页数: 294页
开本: 26cm
丛书名:
单 册:
中图分类: I210.4
科图分类:
主题词: 鲁迅散文--散文集 , 鲁迅散文
电子资源:
ISBN: 978-7-5470-2510-9
000 00610nam0 2200229 450
001 2369709668
005 20231229192215.99
010    @a978-7-5470-2510-9@dCNY 68.00
100    @a20131018d2013 em y0chiy0120 ea
101 0  @achi
102    @aCN@b210000
105    @aa z 000cy
200 1  @a鲁迅散文集@Alu xun san wen ji@b专著@f鲁迅著
210    @a沈阳@c万卷出版公司@d2013
215    @a294页@c图@d26cm
300    @a典藏
606 0  @a鲁迅散文@x散文集
606 0  @a鲁迅散文
690    @aI210.4@v5
701  0 @a鲁迅@Alu xun@f(1881 1936)@4著
801  2 @aCN@b辽宁北配@c20231205
905    @aBZT@dI210.4@e101
    
    鲁迅散文集/鲁迅著.-沈阳:万卷出版公司,2013
    294页:图;26cm
    典藏
    
    ISBN 978-7-5470-2510-9:CNY 68.00
    
●
相关链接 在五车中查询图书 在当当中查询图书 在豆瓣中查询图书


正题名:鲁迅散文集     索取号:I210.4/101         预约/预借

序号 登录号 条形码 馆藏地/架位号 状态 备注
1 2001711814   2001711814   辽三/辽宁北配(第三批)/4134/ [索取号:I210.4/101] 在馆    
2 2001711815   2001711815   辽三/辽宁北配(第三批)/4134/ [索取号:I210.4/101] 在馆    
3 2001711816   2001711816   辽三/辽宁北配(第三批)/4134/ [索取号:I210.4/101] 在馆    
4 2001711817   2001711817   辽三/辽宁北配(第三批)/4134/ [索取号:I210.4/101] 在馆    
5 2001711818   2001711818   辽三/辽宁北配(第三批)/4134/ [索取号:I210.4/101] 在馆    
6 2001711819   2001711819   辽三/辽宁北配(第三批)/4134/ [索取号:I210.4/101] 在馆    
7 2001711820   2001711820   辽三/辽宁北配(第三批)/4134/ [索取号:I210.4/101] 在馆    
8 2001711821   2001711821   辽三/辽宁北配(第三批)/4134/ [索取号:I210.4/101] 在馆    
9 2001711822   2001711822   辽三/辽宁北配(第三批)/4134/ [索取号:I210.4/101] 在馆    
10 2001711823   2001711823   辽三/辽宁北配(第三批)/4134/ [索取号:I210.4/101] 在馆    
11 2001711824   2001711824   辽三/辽宁北配(第三批)/4134/ [索取号:I210.4/101] 在馆    
12 2001711825   2001711825   辽三/辽宁北配(第三批)/4134/ [索取号:I210.4/101] 在馆    
13 2001711826   2001711826   辽三/辽宁北配(第三批)/4134/ [索取号:I210.4/101] 在馆    
14 2001711827   2001711827   辽三/辽宁北配(第三批)/4134/ [索取号:I210.4/101] 在馆    
15 2001711828   2001711828   辽三/辽宁北配(第三批)/4134/ [索取号:I210.4/101] 在馆    
16 2001711829   2001711829   辽三/辽宁北配(第三批)/4134/ [索取号:I210.4/101] 在馆    
17 2001711830   2001711830   辽三/辽宁北配(第三批)/4134/ [索取号:I210.4/101] 在馆    
18 2001711831   2001711831   辽三/辽宁北配(第三批)/4134/ [索取号:I210.4/101] 在馆    
19 2001711832   2001711832   辽三/辽宁北配(第三批)/4134/ [索取号:I210.4/101] 在馆    
20 2001711833   2001711833   辽三/辽宁北配(第三批)/4134/ [索取号:I210.4/101] 在馆    
21 2001711834   2001711834   辽三/辽宁北配(第三批)/4134/ [索取号:I210.4/101] 在馆    
山东省滨州职业学院图书馆 欢迎您!
大连网信软件有限公司© 版权所有